<?xml version="1.0" encoding="UTF-8"?>
<collection xmlns="http://www.loc.gov/MARC21/slim">
 <record>
  <leader>     na                 </leader>
  <controlfield tag="001">INLIS000000001344106</controlfield>
  <controlfield tag="005">20240603115958</controlfield>
  <controlfield tag="007">ta</controlfield>
  <controlfield tag="008">240603                |          | |  </controlfield>
  <datafield tag="035" ind1=" " ind2=" ">
   <subfield code="a">0010-0624000007</subfield>
  </datafield>
  <datafield tag="082" ind1=" " ind2=" ">
   <subfield code="a">L.310-23092</subfield>
  </datafield>
  <datafield tag="084" ind1=" " ind2=" ">
   <subfield code="a">RES L.310-23092 NUR r</subfield>
  </datafield>
  <datafield tag="100" ind1="0" ind2=" ">
   <subfield code="a">Nurfatihah</subfield>
   <subfield code="e">Pengarang</subfield>
  </datafield>
  <datafield tag="245" ind1="1" ind2=" ">
   <subfield code="a">Rancangan penyuluhan aplikasi pupuk organik cair dari limbah buah pepaya dan kulit nanas pada pertumbuhan dan hasil bawang merah (Allium Ascalonicum L) di kota Batu /</subfield>
   <subfield code="c">Polbangtan Malang</subfield>
  </datafield>
  <datafield tag="264" ind1=" " ind2=" ">
   <subfield code="a">Malang :</subfield>
   <subfield code="b">Polbangtan Malang,</subfield>
   <subfield code="c">2023</subfield>
  </datafield>
  <datafield tag="300" ind1=" " ind2=" ">
   <subfield code="a">109 hlm</subfield>
  </datafield>
  <datafield tag="336" ind1=" " ind2=" ">
   <subfield code="2">rdacontent</subfield>
   <subfield code="a">Text</subfield>
  </datafield>
  <datafield tag="337" ind1=" " ind2=" ">
   <subfield code="2">rdamedia</subfield>
   <subfield code="a">Buku Tercetak</subfield>
  </datafield>
  <datafield tag="338" ind1=" " ind2=" ">
   <subfield code="2">rdacarrier</subfield>
   <subfield code="a">Hardcopy</subfield>
  </datafield>
  <datafield tag="520" ind1=" " ind2=" ">
   <subfield code="a">Nurfatihah, 04.01.19.348. Rancangan Penyuluhan Aplikasi Pupuk &#13;
Organik Cair Dari Limbah Buah Pepaya Dan Kulit Nanas Pada Pertumbuhan &#13;
Dan Hasil Bawang Merah (Allium Ascalonicum L) Di Kota Batu Pembimbing 1. &#13;
Dr. Ir. Harwanto, MSi.. Pembimbing 2 Achmad Nizar, SST. MSc.&#13;
Penelitian ini bertujuan untuk mengetahui dosis yang tepat dalam&#13;
pemberian pupuk organic cair buah papaya dan kulit nanas terhadap &#13;
pertumbuhan dan hasil tanaman bawang merah. Penelitian ini menggunakan &#13;
rancangan acak kelompok (RAK) non faktorial dengan 6 kombinasi pemberian &#13;
yaitu P0: Konsentrasi 0 Liter, P1 : Konsentrasi 3,2 Liter, P2 : Konsentrasi 4 Liter, &#13;
P3 : Konsentrasi 4,8 Liter, P4 : Konsentrasi 5,6 Liter dan P5 : Konsentrasi 6,4 &#13;
Liter. Dari hasi penelitian di ketahui Tinggi tanaman bawang merah tertinggi pada &#13;
P5 : Konsentrasi 6,4 Liter dengan rata – rata tinggi 37,50 cm . Jumlah daun &#13;
tertinggi terdapat pada P5 : Konsentrasi 6,4 Liter sebesar 37,00 helai daun. &#13;
Jumlah umbi sebanyak 9,75 helai pada perlakuak P5, Bobot basah panen &#13;
terberat yaitu perlakuan P5 sebesar 29,50 gram dengan dosis POC buah papaya &#13;
dan kulit nanas dengan konsentrasi 6,4 Liter.&#13;
Rancangan penyuluhan di susun menggunakan perlakuan terbaik pada &#13;
kajian yaitu perlakuan dengan pengaplikasian pupuk organik cair buah papaya &#13;
dan kulit nanas dengan konsentrasi 6,4 Liter. 1. peningkatan pengetahuan &#13;
sebesar 35%, Peningkatan sikap 71,5% (Tingkat pengorganisasian), &#13;
Peningkatan keterampilan 65,7% (Kategori efektif atau Terampil).</subfield>
  </datafield>
  <datafield tag="650" ind1=" " ind2="4">
   <subfield code="a">PPB, Pupuk Organik Cair, Pepaya dan Nanas, Bawang Merah</subfield>
  </datafield>
  <datafield tag="856" ind1=" " ind2=" ">
   <subfield code="a">https://repository.polbangtanmalang.ac.id/xmlui/handle/123456789/1877</subfield>
  </datafield>
  <datafield tag="990" ind1=" " ind2=" ">
   <subfield code="a">2023/HD/00019</subfield>
  </datafield>
  <datafield tag="990" ind1=" " ind2=" ">
   <subfield code="a">L.310-23092</subfield>
  </datafield>
 </record>
</collection>
